[Event "Vellmar op 8th"]
[Site "Vellmar"]
[Date "2016.07.31"]
[Round "6"]
[White "Koronowski, Heinz Juergen"]
[Black "Kluempen, Andreas"]
[Result "1/2-1/2"]
[WhiteElo "1730"]
[BlackElo "1917"]
[PlyCount "66"]
[EventDate "2016.07.28"]
[EventType "swiss"]
[EventRounds "7"]
[EventCountry "GER"]
[SourceTitle "CBM 173 Extra"]
[Source "ChessBase"]
[SourceDate "2016.08.29"]
[SourceVersion "1"]
[SourceVersionDate "2016.08.29"]
[SourceQuality "1"]

1. e4 c5 2. Nc3 d6 3. f4 Nf6 4. Nf3 Nc6 5. Bc4 g6 6. 0-0 Bg7 7. d3 0-0 8. a3 Bg4 9. h3 Bxf3 10. Qxf3 Nd4 11. Qf2 Nd7 12. Be3 e6 13. Nd1 Kh8 14. c3 Nc6 15. Ba2 Qe7 16. Qe1 Rad8 17. Bf2 a6 18. Ne3 b5 19. Bh4 Bf6 20. Bxf6+ Nxf6 21. Qh4 Ng8 22. Qxe7 Ngxe7 23. f5 exf5 24. exf5 f6 25. fxg6 hxg6 26. Nd5 Nxd5 27. Bxd5 Ne7 28. Bb7 a5 29. Rae1 Rd7 30. Bf3 Kg7 31. Rf2 d5 32. Rfe2 Nc8 33. Kf2 Rff7 1/2-1/2